000 01428cam a2200217 4500500
005 20260208010424.0
041 _afre
042 _adc
100 1 0 _aMazour-Matusevich, Yelena
_eauthor
245 0 0 _aLa position de Jean Gerson (1363-1429) envers les femmes
260 _c2006.
500 _a10
520 _aJean Gerson’s position towards women (1363-1429). The article discusses the question of Jean Gerson’s (1363-1429) attitude toward women. Based on several texts where women appear in various social roles: as spouses, sisters, mothers and nuns, the study aims at forming a more nuanced opinion on this subject. Particular attention will be paid to the analysis of texts where women appear as independent devotees. While recognizing the complex and even contradictory character of Gerson’s position towards women, the article seeks to place it in the general perspective of his “theological vulgarization” project, through which he aims to leading the largest number of the faithful to a life of contemplation. The author argues that Gerson gives women a new important role in this project.
690 _acontemplation
690 _aspirituality
690 _atheology
690 _avisionaries
690 _aWomen
786 0 _nLe Moyen Age | CXII | 2 | 2006-09-01 | p. 337-353 | 0027-2841
856 4 1 _uhttps://shs.cairn.info/revue-le-moyen-age-2006-2-page-337?lang=fr&redirect-ssocas=7080
999 _c1656453
_d1656453